LDR 01005nam a2200241 i 4500 001 000000225716 003 CaOOAMICUS 005 20260430100136.0 008 131217s1911 it u000 u ger u 013 $a204618 040 $aSeMil$bita 100 1 $aSchürer, Emil,$d<1844-1910>.$0(OLS)http://semarc/name/2379 245 10$aRegister zu den 3 Bänden. 250 $a4. Aufl. 260 $aLeipzig :$bHinrichs'sche Buchhandlung,$c1911. 300 $a117 p. ;$c23 cm 650 4$aEbrei - Storia.$0(OLS)http://semarc/subject/4633 773 0 $aSchürer, Emil <1844-1910>$tGeschichte des Jüdischen volkes im zeitalter Jesu Christi.$dLeipzig : Hinrichs'sche Buchhandlung, 1901.$w()29263 850 $aSeMil 852 $aSeMil$W1$xVenegono$y1$m2W III 81$j176062$B176062$CSeMilBibl$Z2$F186544 $81 996 $6245$aRegister zu den 3 Bänden$9(OLS)http://semarc/title/459504 996 $6260$aLeipzig :$bHinrichs'sche Buchhandlung$9(OLS)http://semarc/publisher/33281